| 000 | 00674nam a2200193 a 4500 | ||
|---|---|---|---|
| 001 | 000035439 | ||
| 005 | 20200930074337.0 | ||
| 008 | 111031s1964 sp ab 000 0 spa d | ||
| 040 |
_aDO-SdBNP _bspa _cBNPHU |
||
| 082 |
_axxxx _bxxxx |
||
| 100 | 1 |
_aWolfgang, Victor _961273 |
|
| 245 | 1 | 4 |
_aLos reinos americanos del sol / _cVictor Wolfgang. |
| 260 |
_aBarcelona, : _bLabor, _c1964. |
||
| 300 |
_a348 p. : _bil., map. ; _c24 cm. |
||
| 500 | _aIncluye índice alfabético | ||
| 504 | _aIncluye referencias bibliográficas y notas al pie de las páginas | ||
| 504 | _aBibliografía : p. 337-338 | ||
| 590 | _aPerteneció a la biblioteca personal de Juan Isidro Jimenes Grullón | ||
| 999 |
_c34930 _d34930 |
||